000 00607nam a2200229Ia 4500
003 OSt
005 20220928141702.0
006 a|||||r|||| 00| 0
007 ta
008 220927b |||||||| |||| 00| 0 eng d
024 _a16752
037 _cTextual
040 _aSDCL
_cSDCL
_beng
041 _2eng
_aeng
082 _aD651:840j917, M6
100 _aMuzio J C
_9501537
245 0 _aMultiple-valued switching theory.
260 _c1986
700 _a Wesselkamper T C
_9501538
942 _hD651:840j917, M6
_cTEXL
_2CC
999 _c819093
_d819093